[Event "Ukrainian Women's Championship"]
[Site "Odessa"]
[Date "2006.12.01"]
[Round "6"]
[White "Zhukova, Natalia"]
[Black "Dolzhikova, Kateryna"]
[Result "1-0"]
[WhiteElo "2456"]
[BlackElo "2324"]
[PlyCount "83"]
[EventDate "2006.11.26"]
[EventType "tourn"]
[EventRounds "11"]
[EventCountry "UKR"]

1. e4 e6 2. d4 d5 3. Nc3 Bb4 4. e5 c5 5. a3 Bxc3+ 6. bxc3 Ne7 7. Qg4 O-O 8. Bd3
Qa5 9. Bd2 f5 10. exf6 Rxf6 11. Nf3 Nf5 12. c4 Qa4 13. dxc5 Nd7 14. c6 bxc6 15.
O-O c5 16. Rab1 Ba6 17. Rfe1 Raf8 18. Bg5 Rg6 19. Rxe6 Rxe6 20. Bxf5 Re2 21.
Bxd7 Qxc2 22. Rc1 Qb2 23. Be6+ Kh8 24. Bxd5 Rxf2 25. h3 Re2 26. Rf1 Bb7 27. Bc1
Qb6 28. Bxb7 Qxb7 29. Rd1 Qe4 30. Qxe4 Rxe4 31. Rd7 Rb8 32. Bb2 h5 33. Bxg7+
Kg8 34. Bf6 Rf4 35. Be5 Rb1+ 36. Kh2 Rf7 37. Rd5 Rfb7 38. Rxc5 Kf7 39. Bd4 R1b3
40. Rxh5 Kg6 41. Ra5 Rc7 42. Bxa7 1-0

[Event "Ukrainian Women's Championship"]
[Site "Odessa"]
[Date "2006.12.01"]
[Round "6"]
[White "Ivanova, Svetlana"]
[Black "Muzychuk, Mariya"]
[Result "0-1"]
[WhiteElo "2228"]
[BlackElo "2278"]
[PlyCount "160"]
[EventDate "2006.11.26"]
[EventType "tourn"]
[EventRounds "11"]
[EventCountry "UKR"]

1. e4 c5 2. Nf3 e6 3. d4 cxd4 4. Nxd4 a6 5. Bd3 Bc5 6. Nb3 Ba7 7. Nc3 Nc6 8.
Bf4 e5 9. Bg3 Nge7 10. Qh5 d6 11. O-O-O Be6 12. Kb1 Qd7 13. h3 O-O 14. f4 exf4
15. Bxf4 Ng6 16. e5 dxe5 17. Bxe5 Qe7 18. Bh2 Rfd8 19. Rde1 Nd4 20. Nd2 b5 21.
Nde4 h6 22. Nd2 b4 23. Nce4 a5 24. Ng3 Nf4 25. Qe5 Nxd3 26. cxd3 b3 27. axb3
Qb4 28. Nh5 Nf5 29. Qc3 Qxc3 30. bxc3 Rxd3 31. Kc2 Rad8 32. Ne4 Ne3+ 33. Kb2
Nd1+ 34. Kc2 Ne3+ 35. Kb2 f5 36. Nf4 fxe4 37. Nxe6 Rd2+ 38. Kb1 R8d3 39. Be5
Nd5 40. Rhf1 Nxc3+ 41. Bxc3 Rxc3 42. Rf8+ Kh7 43. Rf7 Bf2 44. Rxe4 Rxb3+ 45.
Kc1 Ra2 46. Rf3 Rxf3 47. gxf3 Ra3 48. Rg4 Rxf3 49. Rxg7+ Kh8 50. Rd7 Rxh3 51.
Rd8+ Kh7 52. Rd7+ Kg8 53. Rg7+ Kh8 54. Rf7 Be3+ 55. Kc2 Rg3 56. Kd3 Bg1+ 57.
Ke4 a4 58. Rf8+ Rg8 59. Rf6 Kh7 60. Rf7+ Kg6 61. Rf3 Bb6 62. Nf4+ Kh7 63. Ra3
Ra8 64. Kd5 Bd8 65. Ke6 Bg5 66. Nd5 Kg6 67. Nc3 Re8+ 68. Kd5 Re3 69. Kc4 Bf6
70. Rxa4 Rxc3+ 71. Kd5 Re3 72. Re4 Rf3 73. Re2 Kf5 74. Rh2 Bg5 75. Kd4 Kg4 76.
Rg2+ Rg3 77. Re2 h5 78. Re4+ Kf3 79. Ke5 h4 80. Rb4 h3 0-1

[Event "Ukrainian Women's Championship"]
[Site "Odessa"]
[Date "2006.12.02"]
[Round "7"]
[White "Gaponenko, Inna"]
[Black "Vasilevich, Tatjana"]
[Result "1/2-1/2"]
[WhiteElo "2448"]
[BlackElo "2396"]
[PlyCount "66"]
[EventDate "2006.11.26"]
[EventType "tourn"]
[EventRounds "11"]
[EventCountry "UKR"]

1. e4 c5 2. c3 e6 3. d4 d5 4. e5 Nc6 5. Nf3 Bd7 6. a3 Rc8 7. b4 cxd4 8. cxd4
Nge7 9. Bb2 Nf5 10. g3 Be7 11. h4 h5 12. Nc3 g6 13. Rc1 Kf8 14. Bh3 b5 15. Qd3
a5 16. Bxf5 gxf5 17. Nxb5 axb4 18. O-O Na5 19. Rxc8 Qxc8 20. Nd6 Bxd6 21. exd6
Nc4 22. Qb3 Qb8 23. Ne5 Qxd6 24. Ra1 Kg7 25. Nxc4 dxc4 26. Qxc4 bxa3 27. Rxa3
Rb8 28. d5+ f6 29. dxe6 Qxe6 30. Qd4 Kg8 31. Re3 Qc6 32. Re7 Bc8 33. Qc3 Qxc3
1/2-1/2

[Event "Ukrainian Women's Championship"]
[Site "Odessa"]
[Date "2006.12.02"]
[Round "7"]
[White "Muzychuk, Mariya"]
[Black "Ushenina, Anna"]
[Result "0-1"]
[WhiteElo "2278"]
[BlackElo "2430"]
[PlyCount "84"]
[EventDate "2006.11.26"]
[EventType "tourn"]
[EventRounds "11"]
[EventCountry "UKR"]

1. e4 c5 2. Nf3 Nc6 3. Bb5 g6 4. O-O Bg7 5. c3 Nf6 6. d4 cxd4 7. cxd4 Nxe4 8.
d5 Nd6 9. Ba4 b5 10. Bc2 Na5 11. Nc3 O-O 12. Re1 Nac4 13. Rb1 Bb7 14. Ne2 Rc8
15. Nf4 e5 16. b3 exf4 17. bxc4 Rxc4 18. Ba3 Qb6 19. Bd3 Rcc8 20. Qd2 Rfe8 21.
Qxf4 Nc4 22. Bxc4 bxc4 23. Be7 Qa6 24. Nd4 Bxd5 25. Nb5 Rb8 26. Nc7 Rxb1 27.
Rxb1 Qxa2 28. Rc1 Rxe7 29. Nxd5 Re8 30. g3 c3 31. Nxc3 Bxc3 32. Rxc3 Qa1+ 33.
Rc1 Re1+ 34. Rxe1 Qxe1+ 35. Kg2 Qa1 36. Qd6 Kg7 37. g4 a5 38. h4 a4 39. h5 gxh5
40. gxh5 Qf6 41. Qg3+ Kh6 42. f4 Qg7 0-1

[Event "Ukrainian Women's Championship"]
[Site "Odessa"]
[Date "2006.12.02"]
[Round "7"]
[White "Dolzhikova, Kateryna"]
[Black "Ivanova, Svetlana"]
[Result "1/2-1/2"]
[WhiteElo "2324"]
[BlackElo "2228"]
[PlyCount "70"]
[EventDate "2006.11.26"]
[EventType "tourn"]
[EventRounds "11"]
[EventCountry "UKR"]

1. e4 c5 2. Nf3 Nc6 3. Bb5 g6 4. Bxc6 dxc6 5. d3 Bg7 6. h3 e5 7. Be3 Qe7 8.
Nbd2 Nf6 9. a3 Nd7 10. Nc4 b6 11. Qd2 Ba6 12. Qc3 Bxc4 13. Qxc4 O-O 14. O-O
Rfe8 15. b4 cxb4 16. axb4 Rec8 17. Ra2 c5 18. b5 h6 19. Rfa1 Nf6 20. Ra6 Rcb8
21. Nd2 Rb7 22. Nb1 Rd8 23. Nc3 Kh7 24. Kh2 Rdd7 25. R1a3 Qd6 26. Qa2 Qb8 27.
Na4 Qc7 28. Nc3 Qb8 29. Na4 Ne8 30. Nc3 Nd6 31. Qb3 f5 32. f3 Qf8 33. Qa2 Qe7
34. Nd5 Qf7 35. c4 f4 1/2-1/2

[Event "Ukrainian Women's Championship"]
[Site "Odessa"]
[Date "2006.12.02"]
[Round "7"]
[White "Breslavska, Galina"]
[Black "Zhukova, Natalia"]
[Result "0-1"]
[WhiteElo "2176"]
[BlackElo "2456"]
[PlyCount "54"]
[EventDate "2006.11.26"]
[EventType "tourn"]
[EventRounds "11"]
[EventCountry "UKR"]

1. e4 e6 2. d4 d5 3. Nc3 Bb4 4. e5 c5 5. a3 Ba5 6. Bd2 Ne7 7. dxc5 Nd7 8. b4
Bc7 9. f4 O-O 10. Bd3 f6 11. exf6 Rxf6 12. Nf3 h6 13. Qe2 e5 14. fxe5 Nxe5 15.
Nxe5 Bxe5 16. O-O-O Re6 17. Qf3 a5 18. b5 Rf6 19. Qe2 Bd4 20. Rde1 Bxc5 21.
Rhf1 Bxa3+ 22. Kb1 Qd6 23. Nxd5 Nxd5 24. Qe8+ Qf8 25. Rxf6 Nxf6 26. Qg6 Bd7 27.
Bc3 Qf7 0-1

[Event "Ukrainian Women's Championship"]
[Site "Odessa"]
[Date "2006.12.02"]
[Round "7"]
[White "Zdebskaja, Natalia"]
[Black "Kalinina, Olga"]
[Result "1-0"]
[WhiteElo "2343"]
[BlackElo "2191"]
[PlyCount "61"]
[EventDate "2006.11.26"]
[EventType "tourn"]
[EventRounds "11"]
[EventCountry "UKR"]

1. e4 c5 2. Nf3 e6 3. d4 cxd4 4. Nxd4 a6 5. Bd3 Nf6 6. O-O Qc7 7. Qe2 d6 8. c4
b6 9. Nc3 Bb7 10. f4 Nbd7 11. Kh1 g6 12. f5 e5 13. Nd5 Bxd5 14. exd5 Bg7 15.
fxg6 hxg6 16. Nc6 Nb8 17. Bg5 Nh7 18. Bd8 Qb7 19. Bxg6 Nxc6 20. dxc6 Qxc6 21.
Be4 Qd7 22. Bxa8 Qxd8 23. Bc6+ Ke7 24. Rf5 f6 25. Raf1 Bh6 26. Qh5 Qf8 27. Qg6
Be3 28. Rh5 Ng5 29. Rxh8 Qxh8 30. Rxf6 d5 31. Rd6 1-0

[Event "Ukrainian Women's Championship"]
[Site "Odessa"]
[Date "2006.12.03"]
[Round "8"]
[White "Arutyunova, Diana"]
[Black "Kalinina, Olga"]
[Result "1/2-1/2"]
[WhiteElo "2362"]
[BlackElo "2191"]
[PlyCount "51"]
[EventDate "2006.11.26"]
[EventType "tourn"]
[EventRounds "11"]
[EventCountry "UKR"]

1. e4 c5 2. Nf3 e6 3. d4 cxd4 4. Nxd4 a6 5. Bd3 Nf6 6. O-O Qc7 7. Nc3 Bc5 8.
Nb3 Be7 9. Kh1 d6 10. f4 Nbd7 11. Qf3 b5 12. a3 Bb7 13. Qg3 O-O 14. Be3 Rfe8
15. Rae1 e5 16. Qh3 Bf8 17. f5 h6 18. Rf3 d5 19. Rg3 d4 20. Bxh6 dxc3 21. Qh4
Qd6 22. Be3 Nh7 23. Rh3 Ndf6 24. Bg5 Be7 25. Bxf6 Bxf6 26. Qxh7+ 1/2-1/2

[Event "Ukrainian Women's Championship"]
[Site "Odessa"]
[Date "2006.12.03"]
[Round "8"]
[White "Ivanova, Svetlana"]
[Black "Breslavska, Galina"]
[Result "0-1"]
[WhiteElo "2228"]
[BlackElo "2176"]
[PlyCount "66"]
[EventDate "2006.11.26"]
[EventType "tourn"]
[EventRounds "11"]
[EventCountry "UKR"]

1. e4 c5 2. Nf3 e6 3. d4 cxd4 4. Nxd4 a6 5. Bd3 Qc7 6. Nc3 b5 7. Be3 Bb7 8. a4
b4 9. Nb1 Nf6 10. Nd2 d5 11. f3 Bd6 12. Qe2 Nbd7 13. Bf2 Ne5 14. g3 dxe4 15.
Nxe4 Nxd3+ 16. cxd3 Be7 17. O-O Rc8 18. Qd2 O-O 19. Nxf6+ Bxf6 20. Qxb4 Qd7 21.
Rac1 Qd5 22. Rxc8 Rxc8 23. Be3 h5 24. Rf2 h4 25. Qb3 Qd7 26. Ne2 Bd5 27. Qb4
Qc6 28. Qg4 h3 29. Nd4 Qxa4 30. Rf1 Rb8 31. Rf2 Qa1+ 32. Rf1 Qxb2 33. Bf2 Rb4
0-1

[Event "Ukrainian Women's Championship"]
[Site "Odessa"]
[Date "2006.12.03"]
[Round "8"]
[White "Ushenina, Anna"]
[Black "Dolzhikova, Kateryna"]
[Result "1-0"]
[WhiteElo "2430"]
[BlackElo "2324"]
[PlyCount "91"]
[EventDate "2006.11.26"]
[EventType "tourn"]
[EventRounds "11"]
[EventCountry "UKR"]

1. d4 Nf6 2. c4 g6 3. Nc3 Bg7 4. e4 d6 5. h3 O-O 6. Be3 e5 7. d5 a5 8. g4 Na6
9. Nge2 Nc5 10. Ng3 Qe7 11. Be2 Bd7 12. Qd2 Ne8 13. O-O-O a4 14. Rdg1 c6 15. h4
Qd8 16. h5 Qa5 17. Kb1 Ra6 18. Bd1 b5 19. dxc6 Bxc6 20. cxb5 Bxb5 21. Nxb5 Qxb5
22. Be2 Qc6 23. Bxa6 Qxa6 24. Rf1 Qc4 25. f3 a3 26. Qc3 Qxc3 27. bxc3 Nc7 28.
Bxc5 dxc5 29. Kc2 Ne6 30. Rb1 c4 31. Rb4 Ng5 32. h6 Bf6 33. Rxc4 Be7 34. Rf1
Rb8 35. Rb1 Rd8 36. Rb7 Bd6 37. Rc6 Kf8 38. Nf1 Nxf3 39. Ne3 Ng5 40. Rc4 Ne6
41. Nd5 Nc5 42. Rb5 Ne6 43. Rb6 Be7 44. Nxe7 Kxe7 45. Ra6 Nf4 46. Rc7+ 1-0

[Event "Ukrainian Women's Championship"]
[Site "Odessa"]
[Date "2006.12.03"]
[Round "8"]
[White "Vasilevich, Tatjana"]
[Black "Muzychuk, Mariya"]
[Result "1-0"]
[WhiteElo "2396"]
[BlackElo "2278"]
[PlyCount "69"]
[EventDate "2006.11.26"]
[EventType "tourn"]
[EventRounds "11"]
[EventCountry "UKR"]

1. d4 f5 2. g3 Nf6 3. Bg2 g6 4. Nf3 Bg7 5. b4 Nc6 6. a3 Ne4 7. Bb2 d6 8. c4 e5
9. dxe5 Be6 10. Nbd2 Nxd2 11. Nxd2 Bxe5 12. Bxe5 dxe5 13. b5 Na5 14. Qa4 c6 15.
bxc6 bxc6 16. Bxc6+ Nxc6 17. Qxc6+ Kf7 18. Nf3 Rc8 19. Qb5 e4 20. Ne5+ Kf6 21.
Rd1 Qc7 22. f4 exf3 23. Nxf3 Rb8 24. Qa6 Qb6 25. Qa4 Rhd8 26. Rxd8 Rxd8 27. Qc2
Qe3 28. Kf1 Qxa3 29. Kg2 Rc8 30. Qd2 Rxc4 31. Rb1 f4 32. Rb7 Qc3 33. Qd8+ Kf5
34. Rb5+ Ke4 35. Qd3+ 1-0

[Event "Ukrainian Women's Championship"]
[Site "Odessa"]
[Date "2006.12.04"]
[Round "9"]
[White "Gaponenko, Inna"]
[Black "Arutyunova, Diana"]
[Result "1/2-1/2"]
[WhiteElo "2448"]
[BlackElo "2362"]
[PlyCount "36"]
[EventDate "2006.11.26"]
[EventType "tourn"]
[EventRounds "11"]
[EventCountry "UKR"]

1. e4 e6 2. d4 d5 3. exd5 exd5 4. Nf3 Nf6 5. c4 Be7 6. Nc3 O-O 7. Be2 dxc4 8.
Bxc4 Bg4 9. Be3 Nbd7 10. h3 Bh5 11. g4 Bg6 12. Ne5 Nb6 13. Nxg6 hxg6 14. Bb3
Nfd5 15. Qf3 c6 16. O-O a5 17. a4 Bb4 18. Bd2 Qf6 1/2-1/2

[Event "Ukrainian Women's Championship"]
[Site "Odessa"]
[Date "2006.12.04"]
[Round "9"]
[White "Muzychuk, Mariya"]
[Black "Vozovic, Oksana"]
[Result "1/2-1/2"]
[WhiteElo "2278"]
[BlackElo "2352"]
[PlyCount "36"]
[EventDate "2006.11.26"]
[EventType "tourn"]
[EventRounds "11"]
[EventCountry "UKR"]

1. e4 g6 2. Nc3 Bg7 3. f4 c6 4. Nf3 d5 5. e5 Bg4 6. h3 Bxf3 7. Qxf3 e6 8. d4 h5
9. g3 Ne7 10. Be3 Nd7 11. Bg2 Qb6 12. O-O-O Qa5 13. Kb1 O-O-O 14. Ne2 Kb8 15.
Bf2 Rc8 16. g4 c5 17. c3 cxd4 18. Nxd4 Nc6 1/2-1/2

[Event "Ukrainian Women's Championship"]
[Site "Odessa"]
[Date "2006.12.04"]
[Round "9"]
[White "Breslavska, Galina"]
[Black "Ushenina, Anna"]
[Result "1/2-1/2"]
[WhiteElo "2176"]
[BlackElo "2430"]
[PlyCount "75"]
[EventDate "2006.11.26"]
[EventType "tourn"]
[EventRounds "11"]
[EventCountry "UKR"]

1. e4 c5 2. Nf3 e6 3. d4 cxd4 4. Nxd4 a6 5. Nc3 Qc7 6. Bd3 Nf6 7. O-O d6 8. Kh1
Nbd7 9. f4 Be7 10. a4 b6 11. Qf3 Bb7 12. Bd2 h5 13. Rae1 h4 14. Qh3 Nh5 15. b4
Bf6 16. Nxe6 fxe6 17. Qxe6+ Kd8 18. Nd5 Bxd5 19. exd5 Bd4 20. Qe7+ Kc8 21. Bf5
g6 22. Bh3 Ra7 23. Qf7 Qd8 24. Re7 Rf8 25. Rxd7 Rxf7 26. Rxa7+ Kb8 27. Rxf7 Qe8
28. Be6 Qxa4 29. Rf8+ Kb7 30. Rf7+ Kb8 31. Rf8+ Kb7 32. f5 g5 33. Rf7+ Kb8 34.
Bxg5 h3 35. gxh3 Qxc2 36. Rf8+ Ka7 37. Rf7+ Kb8 38. Rf8+ 1/2-1/2

[Event "Ukrainian Women's Championship"]
[Site "Odessa"]
[Date "2006.12.04"]
[Round "9"]
[White "Zdebskaja, Natalia"]
[Black "Ivanova, Svetlana"]
[Result "1/2-1/2"]
[WhiteElo "2343"]
[BlackElo "2228"]
[PlyCount "41"]
[EventDate "2006.11.26"]
[EventType "tourn"]
[EventRounds "11"]
[EventCountry "UKR"]

1. e4 c5 2. Nf3 Nc6 3. Nc3 e5 4. Bc4 Be7 5. d3 Nf6 6. Nd2 d6 7. Nf1 Bg4 8. f3
Be6 9. Ne3 a6 10. a4 Nb4 11. Qe2 O-O 12. O-O Re8 13. f4 exf4 14. Rxf4 Nc6 15.
g4 Nd7 16. Rf1 Nde5 17. Qg2 Nd4 18. Ne2 Nxe2+ 19. Qxe2 Bxg4 20. Qg2 Qd7 21. Bd2
1/2-1/2

[Event "Ukrainian Women's Championship"]
[Site "Odessa"]
[Date "2006.12.04"]
[Round "9"]
[White "Kalinina, Olga"]
[Black "Zhukova, Natalia"]
[Result "1/2-1/2"]
[WhiteElo "2191"]
[BlackElo "2456"]
[PlyCount "116"]
[EventDate "2006.11.26"]
[EventType "tourn"]
[EventRounds "11"]
[EventCountry "UKR"]

1. e4 e5 2. Nf3 Nc6 3. Nc3 Nf6 4. a3 d6 5. d4 Bg4 6. Bb5 exd4 7. Qxd4 Bxf3 8.
Bxc6+ bxc6 9. gxf3 Nd7 10. f4 c5 11. Qd3 g6 12. b3 Bg7 13. Bb2 Qh4 14. Qg3 Qh5
15. Na4 Bxb2 16. Nxb2 O-O 17. f3 Nb8 18. Nc4 Nc6 19. c3 a5 20. Ne3 Rab8 21. Nd5
f5 22. Rb1 fxe4 23. fxe4 Rbe8 24. O-O Rxe4 25. Nxc7 c4 26. b4 Re7 27. b5 Rxc7
28. bxc6 Qc5+ 29. Qf2 Rxc6 30. Qxc5 Rxc5 31. Rb6 d5 32. a4 Kg7 33. Kg2 d4 34.
cxd4 Rd5 35. Ra6 Rc8 36. Kf3 Rxd4 37. Rxa5 c3 38. Rc1 c2 39. Ke2 Rxf4 40. Ra7+
Kh6 41. Rd7 Rh4 42. a5 Rxh2+ 43. Kd3 Rh3+ 44. Kd2 Rh2+ 45. Kd3 Ra8 46. Rd5 Rh5
47. Rxh5+ Kxh5 48. Rxc2 Rxa5 49. Rh2+ Kg4 50. Rxh7 Re5 51. Rh1 Kf3 52. Kd4 Re4+
53. Kd5 Rg4 54. Ke5 g5 55. Kf5 Rg2 56. Ra1 g4 57. Ra3+ Kf2 58. Ra2+ Kf3 1/2-1/2

[Event "Ukrainian Women's Championship"]
[Site "Odessa"]
[Date "2006.12.05"]
[Round "10"]
[White "Arutyunova, Diana"]
[Black "Zhukova, Natalia"]
[Result "0-1"]
[WhiteElo "2362"]
[BlackElo "2456"]
[PlyCount "76"]
[EventDate "2006.11.26"]
[EventType "tourn"]
[EventRounds "11"]
[EventCountry "UKR"]

1. e4 e6 2. Nf3 d5 3. Nc3 Nf6 4. e5 Nfd7 5. d4 c5 6. dxc5 Nc6 7. Bf4 Nxc5 8. h4
Be7 9. h5 f6 10. h6 g6 11. Bb5 O-O 12. Bxc6 bxc6 13. O-O f5 14. Qd2 Ne4 15.
Nxe4 fxe4 16. Nh2 d4 17. Rfe1 Qd5 18. c4 dxc3 19. bxc3 Ba6 20. Bg5 Qxd2 21.
Bxd2 Bd3 22. f3 Bh4 23. Re3 Rab8 24. Ng4 Rb2 25. Bc1 Rc2 26. Ba3 Rf4 27. fxe4
Bxe4 28. Rxe4 Rxe4 29. Rf1 Re1 30. Nf6+ Kf7 31. Rxe1 Bxe1 32. Nxh7 Bd2 33. Nf6
Bxh6 34. Ne4 Be3+ 35. Kh2 Bf4+ 36. Kh3 Bxe5 37. Bc5 Rxa2 38. Ng5+ Kf6 0-1

[Event "Ukrainian Women's Championship"]
[Site "Odessa"]
[Date "2006.12.05"]
[Round "10"]
[White "Ivanova, Svetlana"]
[Black "Kalinina, Olga"]
[Result "0-1"]
[WhiteElo "2228"]
[BlackElo "2191"]
[PlyCount "68"]
[EventDate "2006.11.26"]
[EventType "tourn"]
[EventRounds "11"]
[EventCountry "UKR"]

1. e4 c5 2. Nf3 e6 3. d4 cxd4 4. Nxd4 a6 5. Bd3 Qc7 6. Qe2 Bc5 7. Nb3 Be7 8.
O-O d6 9. f4 Nc6 10. a4 b6 11. Nc3 Nf6 12. Qf3 Bb7 13. Qh3 g6 14. f5 gxf5 15.
exf5 e5 16. Qh4 Rg8 17. Rf2 Na5 18. Nxa5 bxa5 19. Bg5 Qb6 20. Kf1 d5 21. Re1
Rxg5 22. Qxg5 Ne4 23. Bxe4 Bxg5 24. Bxd5 Bxd5 25. Nxd5 Qd6 26. c4 Kf8 27. f6 e4
28. Rf5 h6 29. g3 Qe6 30. Rf2 e3 31. Rf3 Qe4 32. Kg2 Qc2+ 33. Kh3 Qxc4 34. Nxe3
Qe4 0-1

[Event "Ukrainian Women's Championship"]
[Site "Odessa"]
[Date "2006.12.05"]
[Round "10"]
[White "Ushenina, Anna"]
[Black "Zdebskaja, Natalia"]
[Result "1/2-1/2"]
[WhiteElo "2430"]
[BlackElo "2343"]
[PlyCount "31"]
[EventDate "2006.11.26"]
[EventType "tourn"]
[EventRounds "11"]
[EventCountry "UKR"]

1. e4 c5 2. c3 d5 3. exd5 Qxd5 4. d4 Nf6 5. Nf3 Bg4 6. Nbd2 Nc6 7. Bc4 Bxf3 8.
Qb3 Na5 9. Qb5+ Qd7 10. Nxf3 Nxc4 11. Qxc4 cxd4 12. Nxd4 e6 13. Bg5 Be7 14. Rd1
Rc8 15. Qb3 Rc5 16. Nf3 1/2-1/2

[Event "Ukrainian Women's Championship"]
[Site "Odessa"]
[Date "2006.12.05"]
[Round "10"]
[White "Vasilevich, Tatjana"]
[Black "Breslavska, Galina"]
[Result "0-1"]
[WhiteElo "2396"]
[BlackElo "2176"]
[PlyCount "54"]
[EventDate "2006.11.26"]
[EventType "tourn"]
[EventRounds "11"]
[EventCountry "UKR"]

1. d4 Nf6 2. c4 c5 3. d5 b5 4. cxb5 a6 5. f3 g6 6. e4 Bg7 7. e5 Ng8 8. d6 Bb7
9. Bf4 exd6 10. Qxd6 Ne7 11. Nc3 O-O 12. Qxc5 axb5 13. Bxb5 Na6 14. Qd6 Nf5 15.
Qd2 Qh4+ 16. g3 Qe7 17. Qxd7 Qb4 18. Qd2 Rfd8 19. Qc1 Nd4 20. Bxa6 Bxa6 21. Kf2
Rac8 22. Kg2 Qb7 23. h4 h5 24. Qb1 Bc4 25. Ne4 Nxf3 26. Nxf3 Bd3 27. Nd6 Rxd6
0-1

[Event "Ukrainian Women's Championship"]
[Site "Odessa"]
[Date "2006.12.05"]
[Round "10"]
[White "Gaponenko, Inna"]
[Black "Muzychuk, Mariya"]
[Result "1-0"]
[WhiteElo "2448"]
[BlackElo "2278"]
[PlyCount "121"]
[EventDate "2006.11.26"]
[EventType "tourn"]
[EventRounds "11"]
[EventCountry "UKR"]

1. e4 c5 2. c3 e5 3. Nf3 Nc6 4. Bc4 Qc7 5. d3 Nf6 6. O-O Be7 7. Re1 d6 8. Nbd2
O-O 9. Nf1 Be6 10. Bg5 Rad8 11. Bxf6 Bxf6 12. Ne3 Ne7 13. Qb3 Qd7 14. Rad1 Rfe8
15. h3 a6 16. Bxe6 fxe6 17. d4 cxd4 18. cxd4 exd4 19. Nxd4 Bxd4 20. Rxd4 Nc6
21. Rd2 Ne5 22. Red1 Nf7 23. Nc4 Qc6 24. Na5 Qxe4 25. Qxb7 Qa4 26. Nc6 Ra8 27.
b3 Qb5 28. Qxb5 axb5 29. Nd4 Rab8 30. Rc1 g6 31. Rc7 e5 32. Nc6 Ra8 33. Rb7 Nd8
34. Nxd8 Raxd8 35. Rxb5 Kf7 36. Rb7+ Re7 37. Rxe7+ Kxe7 38. Rc2 Kd7 39. Kf1 d5
40. Ke2 Kd6 41. Ke3 Rb8 42. f4 exf4+ 43. Kxf4 h6 44. Ke3 Ke5 45. Kd3 Rb6 46.
Rb2 Ra6 47. a4 Ra8 48. Re2+ Kd6 49. Rf2 Rb8 50. Kc3 Ke5 51. Re2+ Kf4 52. a5 d4+
53. Kxd4 Rxb3 54. Ra2 Rb8 55. a6 Ra8 56. Ra3 h5 57. a7 g5 58. Kc5 g4 59. hxg4
hxg4 60. g3+ Ke5 61. Kb6 1-0

[Event "Ukrainian Women's Championship"]
[Site "Odessa"]
[Date "2006.12.06"]
[Round "11"]
[White "Muzychuk, Mariya"]
[Black "Arutyunova, Diana"]
[Result "1/2-1/2"]
[WhiteElo "2278"]
[BlackElo "2362"]
[PlyCount "66"]
[EventDate "2006.11.26"]
[EventType "tourn"]
[EventRounds "11"]
[EventCountry "UKR"]

1. e4 Nf6 2. e5 Nd5 3. d4 d6 4. Nf3 Bg4 5. Be2 c6 6. O-O Bxf3 7. Bxf3 dxe5 8.
dxe5 e6 9. c4 Ne7 10. Qxd8+ Kxd8 11. Be4 Nd7 12. f4 Nf5 13. Nc3 Kc7 14. g4 Bc5+
15. Kg2 Ne3+ 16. Bxe3 Bxe3 17. Rf3 Bd4 18. Rd1 Bxc3 19. Rxc3 g5 20. Kg3 h5 21.
h3 Rag8 22. Rd2 Rg7 23. Re3 hxg4 24. hxg4 gxf4+ 25. Kxf4 f5 26. exf6 Nxf6 27.
Bf3 Rf8 28. Kg3 Rfg8 29. Rxe6 Nxg4 30. Kf4 Rf7+ 31. Ke4 Nf6+ 32. Ke3 Rg3 33.
Ke2 Nd7 1/2-1/2

[Event "Ukrainian Women's Championship"]
[Site "Odessa"]
[Date "2006.12.06"]
[Round "11"]
[White "Dolzhikova, Kateryna"]
[Black "Gaponenko, Inna"]
[Result "0-1"]
[WhiteElo "2324"]
[BlackElo "2448"]
[PlyCount "126"]
[EventDate "2006.11.26"]
[EventType "tourn"]
[EventRounds "11"]
[EventCountry "UKR"]

1. e4 g6 2. d4 Bg7 3. Nf3 d6 4. Be2 e6 5. Be3 a6 6. a4 Ne7 7. Qd2 h6 8. Nc3 Nd7
9. O-O b6 10. h3 Bb7 11. Rad1 Kf8 12. Rfe1 Kg8 13. Bf1 Kh7 14. Bf4 Rf8 15. Qd3
Nf6 16. e5 Nfd5 17. Nxd5 Nxd5 18. Bd2 Qd7 19. c4 Ne7 20. a5 Nf5 21. Bc3 Rfd8
22. axb6 cxb6 23. g4 Ne7 24. Bg2 Kg8 25. b3 Rac8 26. Qe3 Bxf3 27. Bxf3 d5 28.
Be2 dxc4 29. bxc4 b5 30. Ba5 bxc4 31. Bxd8 Qxd8 32. Qa3 Rc6 33. Rc1 Bf8 34.
Rxc4 Rxc4 35. Bxc4 Nf5 36. Qxa6 Nxd4 37. Qb7 Qa5 38. Re3 Bc5 39. Bf1 Kg7 40. h4
Qa1 41. h5 gxh5 42. gxh5 Nf5 43. Re4 Qd1 44. Kg2 Qxh5 45. Be2 Nh4+ 46. Kf1 Qf5
47. Rg4+ Ng6 48. Qf3 Qxe5 49. Bd3 f5 50. Rg3 Kf6 51. Rxg6+ Kxg6 52. Qg3+ Qxg3
53. fxg3 Kg5 54. Kg2 e5 55. Bc2 h5 56. Kh3 e4 57. Ba4 Bf2 58. Bd1 Be1 59. Be2
h4 60. g4 f4 61. Bd1 f3 62. Bc2 e3 63. Bd3 Bc3 0-1

[Event "Ukrainian Women's Championship"]
[Site "Odessa"]
[Date "2006.12.06"]
[Round "11"]
[White "Breslavska, Galina"]
[Black "Vozovic, Oksana"]
[Result "0-1"]
[WhiteElo "2176"]
[BlackElo "2352"]
[PlyCount "58"]
[EventDate "2006.11.26"]
[EventType "tourn"]
[EventRounds "11"]
[EventCountry "UKR"]

1. e4 d5 2. exd5 Nf6 3. d4 Nxd5 4. c4 Nb6 5. Nf3 g6 6. h3 Bg7 7. Nc3 O-O 8. Be2
Nc6 9. Be3 e5 10. d5 Ne7 11. g4 f5 12. Rg1 e4 13. Nd4 Qd6 14. Ndb5 Qh2 15. Rf1
f4 16. Bd4 Bxd4 17. Qxd4 f3 18. Bd1 Bd7 19. c5 e3 20. cxb6 e2 21. Bxe2 fxe2 22.
Kxe2 Rae8 23. Kd1 axb6 24. Nxc7 Qxc7 25. d6 Rd8 26. Kc1 Be6 27. dxc7 Rxd4 28.
Nb5 Rd7 29. b3 Bd5 0-1

[Event "Ukrainian Women's Championship"]
[Site "Odessa"]
[Date "2006.12.06"]
[Round "11"]
[White "Zdebskaja, Natalia"]
[Black "Vasilevich, Tatjana"]
[Result "1-0"]
[WhiteElo "2343"]
[BlackElo "2396"]
[PlyCount "115"]
[EventDate "2006.11.26"]
[EventType "tourn"]
[EventRounds "11"]
[EventCountry "UKR"]

1. e4 c5 2. Nf3 e6 3. d4 cxd4 4. Nxd4 a6 5. Bd3 Nf6 6. O-O Qc7 7. Qe2 d6 8. c4
g6 9. Nc3 Bg7 10. Be3 O-O 11. f3 b6 12. b4 Bb7 13. Rac1 Nbd7 14. Nb3 Rac8 15.
Qf2 Qb8 16. Na4 b5 17. Ba7 Qa8 18. cxb5 Ne5 19. Be2 axb5 20. Bxb5 Nxe4 21. fxe4
Rxc1 22. Rxc1 Ng4 23. Qb6 Bh6 24. Re1 Bxe4 25. h3 Be3+ 26. Rxe3 Nxe3 27. Qxe3
Rc8 28. Bf1 Rc2 29. Nd4 Rxa2 30. Nc3 Rxa7 31. Nxe4 Ra3 32. Nf6+ Kg7 33. Qg5 Ra1
34. Ng4 Rxf1+ 35. Kxf1 Qa1+ 36. Ke2 Qxd4 37. b5 Qb2+ 38. Kf1 Qb1+ 39. Kf2 Kf8
40. Qd8+ Kg7 41. Qf6+ Kf8 42. Nh6 Ke8 43. Qxf7+ Kd8 44. Qxe6 Qb2+ 45. Kg3 Qxb5
46. Qxd6+ Kc8 47. Qf8+ Kc7 48. Qf7+ Kb6 49. Ng4 Qd3+ 50. Qf3 Qd6+ 51. Qf4 Qd5
52. Qe3+ Ka6 53. Ne5 Ka5 54. Qc3+ Kb6 55. Qb4+ Ka7 56. Qd4+ Qxd4 57. Nc6+ Kb6
58. Nxd4 1-0